000 nam a22 7a 4500
999 _c8481
_d8481
008 180117b ||||| |||| 00| 0 eng d
100 _aPant.R.
_91536
245 _aCommunication
260 _aNew Delhi
_bAngel
_c2006